Statistiques concernant Paroles - L'envie d'aimer - Daniel Levy

Cliquez ici pour prendre le quiz!

Statistiques générales

  • Ce quiz a été pris 872 fois
  • Le résultat moyen est 218 sur 240

Statistiques - réponses

Réponse% Correct
la
100%
le
100%
À
99%
ce
99%
Ce
99%
d'aimer
98%
d'aimer.
98%
De
98%
de
98%
l'amour
98%
L'amour
98%
l'envie
98%
L'envie
98%
nous
98%
Nous
98%
nous,
98%
se
98%
C'est
97%
dès
97%
Dès
97%
Des
97%
Donne
97%
donne
97%
Que
97%
que
97%
sera
97%
Pour
96%
Qu'on
96%
demain
95%
Tellement
95%
tellement
95%
chemin
94%
soir
94%
donner
93%
vouloir
93%
qui
92%
saura
91%
partagé
90%
aura
89%
veut
87%
Vraiment
85%
Faire
82%
tout
82%
Tout
82%
simple
79%
temps
79%
Mais
78%
croire
77%
rien
77%
D'y
76%
l'entend
75%
Pourtant
72%
vie
72%
Regarde
70%
Aussi
69%
chercher
69%
fragile
68%
possible
68%
Une
67%
autour
66%
peine
64%
Qu'il
63%
vaut
62%
Ne
59%
plus
59%
nuit
56%
Après
54%
courir
52%
en
52%
court
51%
vivre
51%
Depuis
49%
laisse
48%
fort
42%
vies
36%
attend
28%
Puisqu'on
27%

Distribution des résultats

Percentile par nombre de réponses

% des personnes avec chaque résultat

Votre développement - résultats

Vous n’avez pas pris ce quiz